000 00646nam a22002057a 4500
003 OSt
005 20140717213003.0
008 131113b1971 cri spa
040 _cBMC
082 _a972.84052
100 1 _99221
_aCarias, Marco Virgilio
245 1 3 _aLa guerra inútil
_b: análisis socio-económico del conflicto entre Honduras y El Salvador
_cMarco Virgilio Carias, Daniel Slutzky
250 _a1ª ed
260 _aSan José (Costa Rica)
_bEDUCA
_c1971
300 _a338 p.
_c17 cm
490 _aColección Seis
650 2 4 _99220
_aGuerra hondureño-salvadoreña, 1969
700 1 _99291
_aSlutzki, Daniel
942 _2ddc
_cBK
999 _c4095
_d4095